| 000 | 00889cam a2200229 4500 | ||
|---|---|---|---|
| 001 | ABS63857 | ||
| 008 | 000000n2001 000 0 eng u | ||
| 035 | _a(Sirsi) u112361 | ||
| 100 | _aTolson, S. | ||
| 245 | _aDay of the triffids | ||
| 260 | _c2001 | ||
| 490 |
_aBuilding _v266(8181) 20 April 2001 |
||
| 520 | _aExamines the issues relating to contamination and the responsibility of the contractor to compensate when problems occur. Argues that contractors can often be responsible for more areas than they originally budgeted for and gives an example of a dispute involving a site which was affected by Japanese Knotweed. | ||
| 590 | _aABS | ||
| 650 |
_aContamination _96231 |
||
| 650 | _aCONSTRUCTION PROCESS | ||
| 650 | _aCONTAMINATED LAND | ||
| 650 | _aJCT CONTRACT | ||
| 650 | _aWILDLIFE AND COUNTRYSIDE ACT 1981 | ||
| 690 | _aENVIRONMENT-CONTAMINATION | ||
| 942 | _n0 | ||
| 999 |
_c66874 _d66874 |
||